Normal view
MARC view
- Heilbrunn, Otto
Entry Personal Name
001 - CONTROL NUMBER
- control field: 48647
003 - CONTROL NUMBER IDENTIFIER
- control field: NUST
005 - DATE AND TIME OF LATEST TRANSACTION
- control field: 20210314134105.0
008 - FIXED-LENGTH DATA ELEMENTS
- fixed length control field: 210314|| aca||aabn | a|a d
040 ## - CATALOGING SOURCE
- Original cataloging agency: NUST
- Transcribing agency: NUST
100 ## - HEADING--PERSONAL NAME
- Personal name: Heilbrunn, Otto
670 ## - SOURCE DATA FOUND
- Source citation: Work cat.: (NUST): Heilbrunn, Otto., Warfare in the enemy's rear., [1964, c1963]
